00243nam a2200085Ia 4500100000900000654001500009245011200024260000900136546001200145 a#N/A aconference aProceedings of the first National Conference on Development & Challenge in Manufacturing Engineering - 2004 b#N/A aENGLISH